Most Team Rookie Points - Statistics

General Stats
  • This quiz has been taken 13 times
  • The average score is 14 of 30
Answer Stats
Team Points Player % Correct
MIL 2,361 Kareem Abdul-Jabbar
100%
SAS 1,993 David Robinson
90%
OKL 1,624 Kevin Durant
90%
CHI 2,313 Michael Jordan
90%
ORL 1,893 Shaquille O'Neal
90%
GSW 2,707 Wilt Chamberlain
90%
PHI 1,787 Allen Iverson
80%
DEN 1,725 Carmelo Anthony
70%
BOS 1,745 Larry Bird
70%
SAC 2,165 Oscar Robertson
70%
PHO 1,959 Walter Davis
60%
HOU 2,327 Elvin Hayes
50%
MIN 1,503 Karl-Anthony Towns
50%
CHA 1,639 Alonzo Mourning
40%
LAC 1,845 Blake Griffin
40%
NOP 1,258 Chris Paul
40%
LAL 1,742 Elgin Baylor
40%
POR 2,031 Geoff Petrie
30%
ATL 1,880 Pete Maravich
30%
WAS 2,495 Walt Bellamy
30%
BKN 1,909 Bernard King
20%
MIA 1,201 Caron Butler
20%
TOR 1,331 Damon Stoudemire
20%
DET 1,772 Kelly Tripucka
20%
CLE 1,874 Ron Harper
20%
NYK 1,781 Bill Cartwright
10%
IND 1,625 Clark Kellogg
10%
UTA 1,671 Darrell Griffith
10%
DAL 1,732 Jay Vincent
10%
MEM 1,516 O.J. Mayo
10%
No matching quizzes found
Score Distribution
Percent of People with Each Score
Percentile by Number Answered
Your Score History
You have not taken this quiz